书目信息 |
| 题名: |
体育与形体、保健
|
|
| 作者: | 李军 , 张金生 , 宋金龙 主编 | |
| 分册: | ||
| 出版信息: | 北京 科学出版社 2008 |
|
| 页数: | 230页 | |
| 开本: | 28cm | |
| 丛书名: | ||
| 单 册: | ||
| 中图分类: | G807.3 | |
| 科图分类: | ||
| 主题词: | 体育保健学--医学教育--教材 , 体育--医学教育--教材 , 体育保健学 , 体育 , 体育理论 | |
| 电子资源: | ||
| ISBN: | 978-7-03-020607-7 | |
| 000 | 01208nam0 2200325 450 | |
| 001 | 1231720046 | |
| 005 | 20121016085036.70 | |
| 010 | @a978-7-03-020607-7@dCNY29.00 | |
| 100 | @a20080829d2008 em y0chiy50 ea | |
| 101 | 0 | @achi |
| 102 | @aCN@b110000 | |
| 105 | @aa z 000yy | |
| 106 | @ar | |
| 200 | 1 | @a体育与形体、保健@Ati yu yu xing ti、bao jian@f宋金龙,张金生,李军主编 |
| 205 | @a2版 | |
| 210 | @a北京@c科学出版社@d2008 | |
| 215 | @a230页@c图@d28cm | |
| 300 | @a教育部职业教育与成人教育司推荐教材 全国卫生职业院校规划教材供中高职(共用课)护理、涉外护理、助产、检验、药学、药剂、卫生保健、康复、口腔医学、口腔工艺技术、医疗美容技术、社区医学、眼视光、中医、中西医结合、影像技术等专业使用 | |
| 330 | @a本书主要内容分为体育与技能篇、体育与形体篇、体育与保健篇、体育与智能篇共四大篇19章。 | |
| 606 | 0 | @a体育保健学@x医学教育@j教材 |
| 606 | 0 | @a体育@x医学教育@j教材 |
| 606 | 0 | @a体育保健学 |
| 606 | 0 | @a体育 |
| 606 | 0 | @a体育理论 |
| 690 | @aG807.3@v4 | |
| 701 | 0 | @a李军@Ali jun@4主编 |
| 701 | 0 | @a张金生@c(体育)@Azhang jin sheng@4主编 |
| 701 | 0 | @a宋金龙@c(健康教育)@Asong jin long@4主编 |
| 801 | 0 | @aCN@b110019@c20080625 |
| 905 | @a10447@dG807.3@eJY399 | |
| 体育与形体、保健/宋金龙,张金生,李军主编 .-2版 .-北京:科学出版社,2008 |
| 230页:图;28cm |
| 教育部职业教育与成人教育司推荐教材 全国卫生职业院校规划教材供中高职(共用课)护理、涉外护理、助产、检验、药学、药剂、卫生保健、康复、口腔医学、口腔工艺技术、医疗美容技术、社区医学、眼视光、中医、中西医结合、影像技术等专业使用 |
| ISBN 978-7-03-020607-7:CNY29.00 |
| 本书主要内容分为体育与技能篇、体育与形体篇、体育与保健篇、体育与智能篇共四大篇19章。 |
| ● |
| 相关链接 |
|
|
|
|
正题名:体育与形体、保健
索取号:G807.3/JY399
 
预约/预借
| 序号 | 登录号 | 条形码 | 馆藏地/架位号 | 状态 | 备注 |
| 1 | 7828930 | 278289308 | 学院路分馆/ [索取号:G807.3/JY399] | 在馆 | |
| 2 | 7828931 | 278289317 | 学院路分馆/ [索取号:G807.3/JY399] | 在馆 | |
| 3 | 7828932 | 278289326 | 学院路分馆/ [索取号:G807.3/JY399] | 在馆 |